| 000 | 00403nam a22001217a 4500 | ||
|---|---|---|---|
| 082 | _a220 PRO | ||
| 100 |
_aMUHAMMAD AJMAL, MUHAMMAD ALI,MUHAMMAD ASIM, MUHAMMAD SAMI AHMAD _970993 |
||
| 245 | _aPR-SOF-1401-JARVIS REMOTE ACCESS SOLUTION FOR PC AND ANDROID USING HTTP PROTOCOL | ||
| 260 |
_aISLAMABAD _bNUST COLLEGE OF EME |
||
| 650 |
_aDE-COMP-32 _970994 |
||
| 700 |
_aDR USMAN AKRAM _931693 |
||
| 942 | _cCR | ||
| 999 |
_c577753 _d577753 |
||